[Event "VII Memorial Gianfranco Molinari A"]
[Site "Milano ITA"]
[Date "2013.11.03"]
[Round "5"]
[White "Beccari, Paolo"]
[Black "Iacchetti, Giovanni"]
[WhiteElo "1789"]
[BlackElo "1749"]
[Result "1-0"]
[PlyCount "105"]
[EventDate "2013.10.31"]

1. e4 d6 2. d4 Nf6 3. Nc3 g6 4. Nf3 Bg7 5. Be2 O-O 6. Be3 c6 7. h3 b5 8. a3
Nbd7 9. Qd2 Qa5 10. O-O Bb7 11. e5 dxe5 12. dxe5 Nd5 13. Nxd5 Qxd2 14. Nxe7+
Kh8 15. Bxd2 Rfe8 16. Nxg6+ hxg6 17. Bc3 Nxe5 18. Nxe5 Bxe5 19. Bxe5+ Rxe5 20.
Bf3 Rae8 21. Rad1 R8e7 22. Rd6 c5 23. Bxb7 Rxb7 24. Rfd1 Rbe7 25. Kf1 Kg7 26.
Rd7 c4 27. Rxe7 Rxe7 28. Rd5 a6 29. Rd6 a5 30. Rd5 Rb7 31. Ke2 Kf6 32. Ke3 Ke6
33. Kd4 f6 34. f4 Rb8 35. g4 a4 36. h4 Rh8 37. h5 f5 38. gxf5+ gxf5 39. Re5+
Kf6 40. Rxb5 Rxh5 41. Rb6+ Ke7 42. Ke5 c3 43. bxc3 Rh2 44. Rb7+ Kd8 45. c4 Rxc2
46. Rb4 Rc3 47. Rxa4 Ke7 48. Kxf5 Kd6 49. Kf6 Kc5 50. f5 Rg3 51. Kf7 Rf3 52. f6
Kd6 53. Ra5 1-0

[Event "VII Memorial Gianfranco Molinari A"]
[Site "Milano ITA"]
[Date "2013.11.03"]
[Round "6"]
[White "Quagliarella, Sabino Remo"]
[Black "Pelizzola, Danilo"]
[WhiteElo "1888"]
[BlackElo "2097"]
[Result "0-1"]
[PlyCount "124"]
[EventDate "2013.10.31"]

1. d4 Nf6 2. Nf3 e6 3. Bg5 Be7 4. e3 b6 5. Bd3 Bb7 6. O-O c5 7. c4 Nc6 8. Nc3
h6 9. Bxf6 Bxf6 10. Be4 O-O 11. Rc1 d6 12. Qa4 Na5 13. Bxb7 Nxb7 14. Ne4 Be7
15. dxc5 Nxc5 16. Nxc5 bxc5 17. Rfd1 Qc7 18. Qc2 a5 19. Rd3 a4 20. Rcd1 Rfb8
21. e4 Bf6 22. b3 axb3 23. axb3 Ra3 24. e5 dxe5 25. Rd7 Qb6 26. Qe4 Rxb3 27.
Nxe5 Rb1 28. h3 Rxd1+ 29. Rxd1 Qb7 30. Qe2 Qb2 31. Qxb2 Rxb2 32. Nd3 Rc2 33.
Rc1 Rxc1+ 34. Nxc1 Bd4 35. Nb3 Kf8 36. Kf1 Ke7 37. Ke2 Kd6 38. f3 f5 39. g4 Ke5
40. gxf5 exf5 41. h4 g6 42. Kf1 Be3 43. Ke1 Kf4 44. Ke2 Bg1 45. Kf1 Be3 46. Ke2
g5 47. hxg5 hxg5 48. Na1 g4 49. fxg4 fxg4 50. Nc2 Bc1 51. Ne1 Ke4 52. Nc2 g3
53. Ne1 Be3 54. Ng2 Bf2 55. Nh4 Kd4 56. Nf5+ Kxc4 57. Kf3 Kd3 58. Nh4 c4 59.
Ng2 c3 60. Nf4+ Kd2 61. Ke4 c2 62. Nd3 c1=Q 0-1

[Event "VII Memorial Gianfranco Molinari A"]
[Site "Milano ITA"]
[Date "2013.11.03"]
[Round "6"]
[White "Brociner, Beniamino"]
[Black "Damia, Angelo"]
[WhiteElo "2068"]
[BlackElo "2188"]
[Result "1-0"]
[PlyCount "77"]
[EventDate "2013.10.31"]

1. Nf3 d5 2. d4 Nf6 3. c4 c6 4. Nbd2 e6 5. b3 Nbd7 6. Bb2 Bd6 7. e3 Qe7 8. Ne5
O-O 9. Bd3 Re8 10. O-O Nf8 11. f4 N6d7 12. Rf3 f6 13. Nxd7 Bxd7 14. e4 e5 15.
f5 dxe4 16. Nxe4 exd4 17. Bxd4 c5 18. Nxd6 Qxd6 19. Bb2 Rad8 20. Qc1 Bc6 21.
Rg3 Qxg3 22. hxg3 Rxd3 23. Kf2 Ree3 24. Qxe3 Rxe3 25. Kxe3 Bxg2 26. Rd1 Kf7 27.
Ba3 b6 28. b4 cxb4 29. Bxb4 Bc6 30. Rd6 Bd7 31. Kf4 g5+ 32. Ke4 h5 33. Bc3 h4
34. gxh4 gxh4 35. Rxf6+ Ke7 36. Rh6 h3 37. Rxh3 Bc6+ 38. Kf4 Nd7 39. Rh7+ 1-0

[Event "VII Memorial Gianfranco Molinari A"]
[Site "Milano ITA"]
[Date "2013.11.03"]
[Round "6"]
[White "Montoli, Marco"]
[Black "Tarelli, Daniele"]
[WhiteElo "1961"]
[BlackElo "1960"]
[Result "0-1"]
[PlyCount "134"]
[EventDate "2013.10.31"]

1. c4 g6 2. g3 Bg7 3. Bg2 e5 4. Nc3 Nc6 5. e4 d6 6. Nge2 Be6 7. d3 Qd7 8. Nd5
Nd8 9. O-O c6 10. Ne3 h5 11. f4 Bh3 12. f5 Bxg2 13. Nxg2 d5 14. Be3 d4 15. Bd2
Bf6 16. Qc1 Qe7 17. h4 c5 18. Bg5 gxf5 19. Rxf5 Bxg5 20. Qxg5 f6 21. Qg6+ Qf7
22. Qxf7+ Nxf7 23. Raf1 Ke7 24. Kh1 Nd6 25. R5f3 Rf8 26. Ng1 Nh6 27. Nh3 Rhg8
28. a3 a5 29. b3 Rg6 30. a4 Rfg8 31. Kh2 Ng4+ 32. Kh1 Nh6 33. Kh2 Nc8 34. Nf2
Na7 35. Ne1 Nc6 36. Nc2 Ke6 37. Nh1 Ne7 38. Nf2 R8g7 39. Ne1 b6 40. Ng2 Nc6 41.
Rb1 Nb4 42. Rb2 Ng4+ 43. Kg1 Ne3 44. Nxe3 dxe3 45. Rxe3 Rxg3+ 46. Rxg3 Rxg3+
47. Kh2 Rg7 48. Rd2 Nc6 49. Nh1 Nd4 50. Rb2 Rg4 51. Kh3 Nf3 52. Rf2 Rxh4+ 53.
Kg3 Rxh1 54. Rxf3 Rb1 55. Kh4 Rxb3 56. Kxh5 Kf7 57. Kh6 Rb1 58. Rh3 Ra1 59. Kh7
Rxa4 60. Kh8 Ra1 61. Rh7+ Kf8 62. Rh6 Ke7 63. Rh7+ Ke6 64. Rc7 Rd1 65. Rc6+ Kf7
66. Rc7+ Kg6 67. Rd7 a4 0-1

[Event "VII Memorial Gianfranco Molinari A"]
[Site "Milano ITA"]
[Date "2013.11.03"]
[Round "6"]
[White "Popovich, Fabio"]
[Black "Beccari, Paolo"]
[WhiteElo "1910"]
[BlackElo "1789"]
[Result "1/2-1/2"]
[PlyCount "77"]
[EventDate "2013.10.31"]

1. c4 Nf6 2. g3 e6 3. Bg2 d5 4. Nf3 Nbd7 5. b3 Be7 6. O-O O-O 7. Bb2 c6 8. e3
b6 9. Nc3 Ba6 10. d3 Rc8 11. Qe2 Qc7 12. Rac1 dxc4 13. bxc4 c5 14. Nb5 Bxb5 15.
cxb5 Nd5 16. Nd2 Bf6 17. d4 Qd8 18. Nb3 cxd4 19. Bxd5 exd5 20. Bxd4 Bxd4 21.
Nxd4 Ne5 22. Rcd1 Qf6 23. Rfe1 Rc5 24. Rd2 Rfc8 25. Red1 Nc4 26. Rd3 Ne5 27.
Ra3 R8c7 28. Ra6 g6 29. Kg2 Nc4 30. a4 Na5 31. Rd2 Qe5 32. Qf3 Kg7 33. Ne2 Qe4
34. Rd4 Qxf3+ 35. Kxf3 Rc4 36. Rxd5 Rxa4 37. Nd4 Rac4 38. Rd8 Re7 39. Rd6
1/2-1/2

[Event "VII Memorial Gianfranco Molinari A"]
[Site "Milano ITA"]
[Date "2013.11.03"]
[Round "6"]
[White "Bemporad, Filippo"]
[Black "Iacchetti, Giovanni"]
[WhiteElo "2026"]
[BlackElo "1749"]
[Result "1-0"]
[PlyCount "147"]
[EventDate "2013.10.31"]

1. d4 d6 2. c4 f5 3. Nf3 Nf6 4. g3 g6 5. Bg2 Bg7 6. O-O O-O 7. Nc3 Qe8 8. d5 e5
9. dxe6 Nc6 10. Nd5 Qd8 11. Ng5 h6 12. Nf7 Rxf7 13. exf7+ Kxf7 14. b3 Ne4 15.
Rb1 Ne5 16. Bb2 c6 17. Nf4 a5 18. Nd3 Be6 19. Nxe5+ dxe5 20. Qc2 Ng5 21. h4 Nh7
22. Rfd1 Qe7 23. Qd2 g5 24. hxg5 hxg5 25. Bc3 Qc5 26. e3 g4 27. e4 Bf6 28. exf5
Bxf5 29. Ra1 Ng5 30. Qe2 Rh8 31. Re1 Qf8 32. Bxe5 Qh6 33. Bxf6 Qh2+ 34. Kf1
Kxf6 35. Qe7+ Kg6 36. Qd6+ Kh5 37. Qf4 Bd3+ 38. Re2 Bxe2+ 39. Kxe2 Qxg2 40. Kd3
Rd8+ 41. Ke2 Qf3+ 42. Qxf3 Nxf3 43. Ke3 Kg5 44. Rh1 Rd2 45. Rh7 Rxa2 46. Rg7+
Kf5 47. Rf7+ Kg6 48. Rxb7 Ra3 49. Kf4 Nd4 50. Rd7 c5 51. Kxg4 Rxb3 52. Ra7 a4
53. Rxa4 Rb4 54. Ra6+ Kf7 55. Kg5 Ne6+ 56. Kf5 Nd4+ 57. Ke5 Rxc4 58. f4 Nf3+
59. Kd5 Rc3 60. g4 c4 61. Rc6 Nd2 62. Rc7+ Kf8 63. g5 Rd3+ 64. Ke6 Re3+ 65. Kf5
Re7 66. Rc6 Rf7+ 67. Kg4 Kg7 68. f5 Rd7 69. Kh5 Kf8 70. Kg6 Rg7+ 71. Kh6 Rd7
72. g6 Rd4 73. Rc7 Nf3 74. g7+ 1-0